KOHA-Header-6

Operations Research (Record no. 13317)

000 -LEADER
fixed length control field 00277nam a22001217a 4500
020 ## - INTERNATIONAL STANDARD BOOK NUMBER
ISBN 978-969-210-294-0
082 ## - DEWEY DECIMAL CLASSIFICATION NUMBER
Classification number 658.8005
Item number 10386
100 ## - MAIN ENTRY--AUTHOR NAME
Personal name Dr. M.M.A Feeroze
245 ## - TITLE STATEMENT
Title Operations Research
260 ## - PUBLICATION, DISTRIBUTION, ETC. (IMPRINT)
Place of publication Karachi
Name of publisher Paramount Book
Year of publication 2021
300 ## - PHYSICAL DESCRIPTION
Number of Pages 274
942 ## - ADDED ENTRY ELEMENTS (KOHA)
Koha item type Books
Holdings
Withdrawn status Lost status Permanent Location Current Location Shelving location Date acquired Full call number Accession Number Koha item type
    MAJU MAJU   2022-05-21 658.8005 10386 Management
    MAJU MAJU   2022-05-21 658.8005 10387 Management
    MAJU MAJU   2022-05-21 658.8005 10388 Management

Powered by Koha